000 00419nam a2200169Ia 4500
003 GCL
008 140319s9999 xx 000 0 eng d
040 _aGCL /
_cGCL
082 0 4 _a650
_bC E
100 1 _aCHILVER, J.
245 1 0 _aENGLISH FOR BUSINESS /
_cCHILVER, J.
260 _a[S.N] :
_bD P PUBLICATIONS L T I ،
_c1992
300 _a307
650 0 4 _aENGLISH LANGUAGE
650 0 4 _aBUSINESS
942 _2ddc
_cBK
999 _c13843
_d13843